Najsvätejšia Trojica: Boh Otec, Syn a Svätý Duch

Podrobná bibliografia
Hlavný autor: Viganó, Angelo (Autor)
Ďalší autori: Kaiser, Jozef, 1928-2003 (Prekladateľ)
Médium: Kniha
Jazyk:slovenčina
Fyzický popis:48 s. ilustr. 19 cm
Vydavateľské údaje: Bratislava Don Bosco 2000
ISBN:808893348X
Vydanie:[1.] slov. vyd.
Predmet:

MARC

LEADER 00000nam a2200000 a 4500
001 vtls001474553
003 SK-MaSNL
005 20260302073535.0
008 251031s2000 xo a 0 slo
015 |a SNBA2004/07-04005 
020 |a 808893348X 
035 |a SNK000429854 
040 |a SNK  |b slo  |c SNK  |e AACR2 
041 0 |a slo 
044 |a xo  |c SK 
072 7 |a 27-1/-2  |x Kresťanská teológia. Dogmatická teológia  |2 konspekt 
080 |a 27-144.89  |2 2. slo 
080 |a 27-144.89  |2 1981 
080 |a 27-184.3  |2 1981 
080 |a (0:82-4)  |2 1981 
080 |a (041)  |2 1981 
100 1 |a Viganó, Angelo  |4 aut  |9 47603 
240 1 0 |a La Trinitá: Dio Padre, Figlio e Spirito Santo  |l Slovensky 
245 1 0 |a Najsvätejšia Trojica: Boh Otec, Syn a Svätý Duch  |c Angelo Viganó ; [preklad Jozef Kaiser] 
250 |a [1.] slov. vyd. 
260 |a Bratislava  |b Don Bosco  |c 2000 
300 |a 48 s.  |b ilustr.  |c 19 cm 
650 0 7 |a Trojica  |x úvahy  |2 SNK  |9 69301 
650 0 7 |a Najsvätejšia Trojica  |2 phsnk  |9 79135 
650 0 7 |a kresťanská viera  |2 phsnk  |9 1712 
655 7 |a príručky  |2 SNK  |9 74364 
655 7 |a úvahy  |2 SNK  |9 29403 
655 7 |a brožúry  |2 SNK  |9 70146 
655 7 |2 phsnk 
700 1 |a Kaiser, Jozef,  |d 1928-2003  |4 trl  |9 115585 
730 |t La Trinitá: Dio Padre, Figlio e Spirito Santo  |9 738092 
919 |a 80-88933-48-X 
958 |a OP 
958 |a NT 
968 |d 2 
999 |c 1161244  |d 1163174 
952 |t P60, <03>, [BOOK], {603}  |a SNK  |b SNK  |y PREZ  |7 0  |p 17A0423472  |o snkSD 73851  |i snkKSP 10856/2003  |0 0  |1 0  |4 0  |d 2004-05-10  |l 0  |r 2025-11-20 00:00:00  |w 2026-02-24 
952 |t P60, <04>, [BOOK], {604}  |a SNK  |b SNK  |y VYP  |7 0  |p 17A0423473  |o snkSD 73851 D1  |i snkKSP 10857/2003  |0 0  |1 0  |4 0  |d 2004-05-10  |l 0  |r 2005-01-02 00:00:00  |w 2026-02-24